| 000 | 00797nam a22002297a 4500 | ||
|---|---|---|---|
| 999 |
_c7608 _d7608 |
||
| 003 | AR-CdUCM | ||
| 008 | 190320b ||||| |||| 00| 0 spa d | ||
| 040 |
_aMUNICIPALIDAD PROVINCIAL DEL CUSCO _cBIBLIOTECA MUNICIPAL DEL CUSCO |
||
| 041 | _heng | ||
| 082 |
_a511 / _bT48 |
||
| 100 |
_aThompson, J. E. _921472 |
||
| 245 | _aAritmética / | ||
| 260 |
_aMéxico, D. F : _bHispano Americana, _c1962. |
||
| 300 |
_a324 páginas ; _bIlustraciones, _c20 cm. |
||
| 440 |
_aManuales para autodidactos _921473 |
||
| 505 | _aOperaciones aritméticas fundamentales -- Operaciones con números decimales -- Números aproximados ... | ||
| 650 |
_aAritmetica _918940 |
||
| 650 |
_aProblemas y ejercicios _919781 |
||
| 700 |
_aOrtiz Vazquez, Ricardo (traductor) _921474 |
||
| 942 |
_2ddc _cLIBROS |
||
| 945 | _aacv | ||